| 000 | 00550nam a2200205Ia 4500 | ||
|---|---|---|---|
| 005 | 20250425162839.0 | ||
| 008 | 250425s9999 xx 000 0 und d | ||
| 020 | _a0444509682 | ||
| 041 | _aeng | ||
| 082 |
_a622.3382 _pBOU |
||
| 100 | _aBourdet, Dominique | ||
| 245 | 0 |
_aWell test análisis _bThe use of advanced interpretation models _cDominique Bourdet |
|
| 250 | _a1er ed. | ||
| 260 |
_aAmsterdam _bELSEVIER _c2002 |
||
| 300 | _a426 páginas | ||
| 600 | _aPozos de gas | ||
| 600 | _aPozos de petróleo | ||
| 942 | _c01 | ||
| 010 | _a113554 | ||
| 999 |
_c237654 _d237654 |
||